000 00884nam a22002777a 4500
001 BR6700398
003 BR-BrBNA
005 20230928083456.0
007 ta
008 230509b bl.||||| |||| 00| 0 por d
040 _aBR-BrBNA
_bpor
_cBiblioteca Nacional de Agricultura
041 _a(Por)
072 _aQ20; D50
_b9410
_b9400
_b/G514
090 _ 9410 BR6700398
110 1 _aMinisterio da Agricultura, Rio de Janeiro, GB (Brasil). Servico de Inspecao de Produtos Agropecuarios e Materiais Agricolas
_96978
245 1 _aNormas higienico-sanitarias e tecnologicas para leite e produtos lacteos [Brasil]
260 3 _aBrasilia, DF (Brasil):
_c1967.
300 _a35 p.
500 _a19 illus.
650 _aLEITE
650 _aPRODUTO DERIVADO DO LEITE
650 _aLATICINIO
650 _aHIGIENE DE ALIMENTO
909 _a202309
_bLucia
_c55
_dLucia Elande
942 _cBK
999 _c13687
_d13687